Sports Quiz

Random Sports or Numbers Quiz

#15 Athletes Quiz Stats

 Plays Quiz Updated Sep 20, 2019

Score 0/12 Timer 03:00
3 Plays Today
Athlete % Correct
Carmelo Anthony
91.7%
Vince Carter
82.4%
DeMarcus Cousins
80.1%
Bart Starr
70.7%
Brandon Marshall
43.7%
Thurman Munson
37.9%
Allen Robinson
36%
George Foster
25.7%
Sandy Alomar Jr.
25.6%
Ryan Getzlaf
23.3%
Dick Allen
20%
Bobby Smith
14.4%

You're not logged in!

Compare scores with friends on all Sporcle quizzes.
OR
Log In

Sporcle TV

Today on Sporcle TV


Watch our educational content, quiz creation guides, and fun videos on Sporcle TV.

Show Comments

Extras

Top Quizzes Today


Score Distribution

Your Account Isn't Verified!

In order to create a playlist on Sporcle, you need to verify the email address you used during registration. Go to your Sporcle Settings to finish the process.

Report this User

Report this user for behavior that violates our Community Guidelines.

Details: